Vista normal
Vista MARC
Entrada Topical Term
Número de registros utilizados en: 1
001 - CONTROL NUMBER
- control field: 68511
003 - CONTROL NUMBER IDENTIFIER
- control field: OSt
005 - DATE AND TIME OF LATEST TRANSACTION
- control field: 20260203200242.0
008 - FIXED-LENGTH DATA ELEMENTS
- fixed length control field: 260203|| aca||aabn | a|a d
040 ## - CATALOGING SOURCE
- Original cataloging agency: OSt
- Transcribing agency: OSt
150 ## - HEADING--TOPICAL TERM
- Topical term or geographic name entry element: Arqueología $z Valle de Laboyos (San Agustín, Colombia). $2BLAAUTO
- Geographic subdivision: Valle de Laboyos (San Agustín, Colombia)
670 ## - SOURCE DATA FOUND
- Source citation: Work cat.: (OSt)53619: Llanos Vargas, Héctor Autor 14691, Proceso histórico prehispánico de San Agustín en el Valle de Laboyos